| 000 | 00300nam a22001097a 4500 | ||
|---|---|---|---|
| 082 |
_222 _a005.133 |
||
| 100 | _aVaralakshmi | ||
| 245 | _aProjects Using C with concepts of Algorithms / | ||
| 260 |
_aScitech Publication. _bScitech Publication. _cc2001. |
||
| 300 |
_a509p,; _b ill,; _c24 cm |
||
| 942 |
_2ddc _cEE |
||
| 999 |
_c439 _d439 |
||